[Event "SCO-ch 122nd"]
[Site "Edinburgh"]
[Date "2015.07.19"]
[Round "9"]
[White "Veelenturf, Wim"]
[Black "Palaniswamy, Raja S"]
[Result "1/2-1/2"]
[WhiteElo "1697"]
[BlackElo "2034"]
[PlyCount "83"]
[EventDate "2015.07.11"]
[EventType "swiss"]
[EventRounds "9"]
[EventCountry "SCO"]
[SourceTitle "CBM 167 Extra"]
[Source "ChessBase"]
[SourceDate "2015.09.14"]
[SourceVersion "1"]
[SourceVersionDate "2015.09.14"]
[SourceQuality "1"]

1. e4 d5 2. exd5 Qxd5 3. d4 c6 4. c4 Qa5+ 5. Nc3 Nf6 6. Nf3 Bg4 7. Bd3 e6 8. 0-0 Bd6 9. Bd2 Qh5 10. h3 Bxf3 11. Qxf3 Qxf3 12. gxf3 Nbd7 13. Ne4 Be7 14. Bf4 0-0 15. Kh1 Nb6 16. Rg1 Rfd8 17. Be3 Nxe4 18. fxe4 g6 19. Rad1 Na4 20. Rb1 c5 21. d5 Bf6 22. Bc1 exd5 23. exd5 Bd4 24. Rf1 Rab8 25. Bc2 Nb6 26. Bd3 Nd7 27. Bf4 Ne5 28. Bxe5 Bxe5 29. a3 b5 30. b3 Bd4 31. f4 bxc4 32. Bxc4 Kf8 33. h4 Re8 34. Rbe1 Rxe1 35. Rxe1 Bf2 36. Re4 Bxh4 37. Kg2 Re8 38. Kf3 Rxe4 39. Kxe4 Ke7 40. d6+ Kxd6 41. Bxf7 Bf6 42. Bg8 1/2-1/2

[Event "SCO-ch 122nd"]
[Site "Edinburgh"]
[Date "2015.07.14"]
[Round "4"]
[White "Palaniswamy, Raja S"]
[Black "Schmerwitz, Reinhard"]
[Result "1-0"]
[WhiteElo "2034"]
[BlackElo "1829"]
[PlyCount "67"]
[EventDate "2015.07.11"]
[EventType "swiss"]
[EventRounds "9"]
[EventCountry "SCO"]
[SourceTitle "CBM 167 Extra"]
[Source "ChessBase"]
[SourceDate "2015.09.14"]
[SourceVersion "1"]
[SourceVersionDate "2015.09.14"]
[SourceQuality "1"]

1. e4 c5 2. Nf3 d6 3. d4 cxd4 4. Nxd4 Nf6 5. Nc3 Nc6 6. Bg5 e6 7. Qd2 a6 8. 0-0-0 Bd7 9. f3 Qc7 10. Kb1 Rc8 11. h4 b5 12. Bxb5 axb5 13. Ndxb5 Qb7 14. Nxd6+ Bxd6 15. Qxd6 Na5 16. Qd3 Nc4 17. b3 Ne5 18. Qd4 Nc6 19. Qd6 Nb4 20. Rd4 Rxc3 21. Rxb4 Qc6 22. Rb8+ Bc8 23. Qxc6+ Rxc6 24. Bxf6 gxf6 25. Rd1 e5 26. a4 Ke7 27. b4 Rg8 28. Rd2 Rg3 29. b5 Rc4 30. Kb2 Be6 31. a5 Ra4 32. a6 Bc4 33. Rb7+ Kf8 34. a7 1-0